| 000 | 00857nam a22002057a 4500 | ||
|---|---|---|---|
| 999 |
_c19291 _d19291 |
||
| 003 | AR-CdUCM | ||
| 008 | 190517b ||||| |||| 00| 0 spa d | ||
| 040 |
_aMUNICIPALIDAD PROVINCIAL DEL CUSCO _cBIBLIOTECA MUNICIPAL DEL CUSCO |
||
| 082 |
_a142 / _bT67 |
||
| 100 |
_aTokos, F. _940553 |
||
| 245 |
_aPaideisis : _bapuntes para una fenomenología de la constitución Histórico simbológica de la conciencia: una clave para interpretar la cultura / |
||
| 260 |
_aLima : _bMabut, _c1977. |
||
| 300 |
_a177 páginas ; _c22 cm. |
||
| 505 | _aContenido: El problema -- Situación histórico social de la pregunta -- La educación respuesta situada histórico socialmente como fondo autentico de la pregunta ... | ||
| 650 |
_aCultura _9126 |
||
| 650 |
_aFenomenología _913000 |
||
| 650 |
_aSimbología _95085 |
||
| 942 |
_2ddc _cLIBROS |
||
| 945 |
_aacv _d2019-05-17 |
||